000 02849nam a2200445 c 4500
003 BLK
005 20231216005245.0
008 180409b bul|||||r ||||||| ||bul||
010 _aKNG00139815000
020 _a954-9865-14-1
_bиздат.: Фонд. Човещина
040 _aBLK
041 _aBUL
_cBUL
072 7 _2bullib
_aН33
_xИкономика Н
080 _aСтопански кризи. Депресии
_b338.124.4
_x(100)(063)
_z338.124.4(100)(063)
080 _aМеждународни икономически отношения. Външностопанска политика. Световно стопанство
_b339.9
_x(063)
_z339.9(063)
080 _aСоциална диференциация. Социално разслоение
_b316.34
_x(497.2)(063)
_z316.34(497.2)(063)
700 _aМизов, Максим Николаев
_9365087
700 1 _aСтефанов, Нако Райнов
_eсъстав. и науч. ред.
_9365380
139 _aГлобалната криза и България - социално-икономически и демографски проблеми и хуманитарни аспекти
_bГ 55
245 1 0 _aГлобалната криза и България - социално-икономически и демографски проблеми и хуманитарни аспекти
_bДокл., изнесени на науч.-теор. конф., 12.I.2012 г., София
_cсъстав. и науч. ред. Максим Николаев Мизов; състав. и науч. ред. Нако Райнов Стефанов.
257 _aBGR
260 София
_bФонд. Човещина
_c2012
_fСофия : Авангард Прима
300 _a410 с.
_bс табл., диагр., к.
_c21 см
380 _a3
500 _aКор. загл. Глобалната криза и България. - Името на състав. отбелязано на гърба на загл. с. - Изд. на Балкански инст. по труда и социалната политика. - Нашите автори. - Библиогр. под линия.
650 4 _aСтопански кризи - конференции
_9290035
650 4 _aСветовно стопанство - конференции
_9324147
650 4 _aБългария - население - социология
_9285966
651 4 _aБългария
_9241624
653 _aстопански кризи
653 _aдемография
653 _aсоциално-икономически проблеми
659 _aН
852 _aЦб 258425
856 4 _qpdf
_u
856 4 _qpdf
_u
942 _cKNG
_n0
_03
944 _aCR
_c20.02.2013
_lCRON CRON
_k
944 _aED
_c12.08.2014
_lф /
_k
999 _c133912
_d133912